1941 1508 1197 1053 1285 1857 1396 1021 1933 1162 1191 1094 1778 1900 1357 1568 1877 1522 1984 1964 1247 1511 1356 1514 1468 1445 1305 1333 1913 1445 1058 1568 1089 1008 1664 1340 1792 1555 1383 1437 1745 1512 1423 1132 1078 1605 1590 1072 1261 1751 1052 1837 1943 1993 1460 1178 1313 1254 1536 1071 1964 1752 1849 1231 1904 1035 1074 1801 1264 1343 1224 1929 1211 1273 1568 1361 1021 1084 1937 1981 1299 1797 1890 1389 1391 1877 1253 1152 1988 1211 1771 1087 1686 1663 1488 1463 1660 1159 1857 BCNSPRNW ULIB Ver.6.0+V

เปลี่ยนเป็นภาษาไทย

Change to English
 แสดงรายละเอียดบรรณานุกรม
  กลับหน้าหลัก

Brief Record : Get Marc (ISO 2709) : E-mail record : QR code < ปิดหน้าต่าง
LEADER : 00000nam 2200000uu 4500
001    13399123073
003     ULIB
008    140107s2013||||th 000 0 eng d
020    ^a9781455707621
060 04 ^aWY106^bM462c^d2013
100 1  ^aMaurer,Frances A .
245 10 ^aCommunity health and nursing practice :^bHealth for families and populations /^cFrances A. Maurer and Claudia M. Smith
250    ^a5th ed.
260    ^aSt.Louis :^bElsevier,^c2013.
300    ^a870 p. ;^c28 cm.
504    ^aIncludes bibliographical references and index
650  0 ^aCommunity Health Nursing
650  0 ^aPublic health nursing
700 1  ^aSmith,Claudia M.,^eed
945    ^p2^l0^i034264
999    ^aเกษร โพธิ์สุวรรณ
รายการนี้ยังไม่มีแท็ก
คุณยังไม่ได้ล็อกอิน คุณสามารถมีกิจกรรมร่วมกับเว็บไซต์ได้ แต่ต้องล็อกอินก่อน ::
  ล็อกอิน

รายการสื่อสารสนเทศ

ลำดับที่ ประเภท เลขเรียก/บาร์โค้ด สถานที่ สถานะ
1. Book การพยาบาล
Book การพยาบาล
WY106 M462c 2013  
  Barcode: 034264
ห้องสมุดวิทยาเขตสวรรค์ประชารักษ์
►หนังสือทั่วไป
ถูกยืม กำหนดส่งวันที่ 18 มีนาคม 2567
  จอง

รายการใกล้เคียง
    หัวเรื่อง [Community Health Nursing]
    หัวเรื่อง [Public health nursing]

BibComment


ยังไม่เคยถูกคอมเมนท์

คอมเมนท์ทรัพยากรรายการนี้
  คอมเมนท์: Community health..


 Copyright 2026. Bcnsprnw @Library